Представление документа в формате RUSMARC

ПолеНазваниеЗначение
  Тип записи a
  Библиографический уровень m
001 Контрольный номер RU/IS/BASE/700318065
005 Дата корректировки 20240207193921.5
010 Индекс ISBN __
a ISBN 978-5-17-116842-1
9 Тираж 3000 экз.
100 Данные общей обработки __
a Данные общей обработки 20220311d2022 ||| 0rusy0189 ca
101 Язык документа 0_
a Язык текста rus
102 Страна публикации __
a Страна публикации RU
105 Кодированные данные (монография) __
a Кодированные данные (монография) y###||||000|y
181 Поле кодированных данных: вид содержания _0
a Код вида содержания (ISBD) b#
b Код характеристики содержания (ISBD) #b2e##
d b
e #
f #
g b
h 2
i e
182 Поле кодированных данных: тип средства _0
a Код типа средства (ISBD) n
200 Заглавие и сведения об ответственности 1_
a Заглавие Чай и кофе. На чьей стороне ты?
e Сведения, относящиеся к заглавию [раскраска]
f Первые сведения об ответственности Алекс Кофейный
w Изображение (неподвижное ; двумерное ; визуальное) : непосредственное
203 Вид содержания и тип средства __
a Вид содержания Изображение
b Характеристика содержания неподвижное
b Характеристика содержания двумерное
b Характеристика содержания визуальное
c Тип средства непосредственное
210 Выходные данные 1_
a Место издания Москва
c Издательство АСТ
d Дата издания 2021
215 Физическое описание __
a Объем [128] с.
c Иллюстрации/тип воспроизводства ил.
d Формат 21 см.
225 Серия 1_
a Серия Магическая Арт-Терапия
300 Общие примечания __
a Общие примечания 12+
606 Тематические рубрики 1_
a Основная рубрика Любительское творчество. Хобби
610 Ключевые слова 1_
a Ключевые слова детский досуг
a Ключевые слова загадки
a Ключевые слова задания для детей
a Ключевые слова издания для досуга
a Ключевые слова книжки-раскраски
a Ключевые слова любительское творчество
a Ключевые слова раскраски
a Ключевые слова рисование
a Ключевые слова хобби
686 Индексы других классификаций __
a Классификационный индекс 77.55
2 Код системы rubbk
700 Автор _1
a Фамилия Кофейный
b Имя (инициалы) Алекс
g Полное личное имя А.
801 Источник записи _0
a Страна RU
b Организация Ульяновская ОБДЮ
c Дата составления 20220311
g Правила каталогизации RCR
801 Источник записи _1
a Страна RU
b Организация Ульяновская ОБДЮ
c Дата составления 20220311
g Правила каталогизации RCR
852 Данные о местонахождении __
a Наименование организации Ульяновская ОБДЮ
i Авторский знак К 74
j Шифр хранения 77.55
901 Тип документа __
t Тип документа m
909 Создатель записи __
a Создатель записи Бондаренко В.А.
910 Корректоры записи __
a Корректор записи Лушникова С.А.
919 __
g 202207
a Лушникова С.А.
c Бондаренко В.А.
938 Служебная информация __
a Имя БД MarkBase